| 000 | 00962cam a2200313 a 4500 | ||
|---|---|---|---|
| 999 |
_c5352 _d5352 |
||
| 001 | 5352 | ||
| 003 | BD-JhCC | ||
| 005 | 20171213120940.0 | ||
| 008 | 831025s1984 caua 001 0 eng | ||
| 020 | _a0534032400 (pbk.) | ||
| 035 | _a(BD-JhCC)5352 | ||
| 040 |
_aDLC _cDLC _dDLC |
||
| 041 | _aeng | ||
| 050 | 0 | 0 |
_aQA107 _b.J64 1984 |
| 082 | 0 | 0 |
_a513/.142 _219 _bSTO 1984 |
| 100 | 1 |
_aJohnston, C. L. _q(Carol Lee), _d1911- |
|
| 245 | 1 | 0 |
_aEssential arithmetic / _cC.L. Johnston, Alden T. Willis, Gale M. Hughes. |
| 250 | _a4th ed. | ||
| 260 |
_aBelmont, Calif. : _bWadsworth Pub. Co., _cc1984. |
||
| 300 |
_ax, 534 p. : _bill. ; _c28 cm. |
||
| 490 | 1 | _a[The Johnston/Willis developmental mathematics series] | |
| 500 | _aSeries statement from: Intermediate algebra / A.T. Willis. 2nd ed. c1987. | ||
| 500 | _aIncludes index. | ||
| 650 | 0 | _aArithmetic. | |
| 700 | 1 | _aWillis, Alden T. | |
| 700 | 1 | _aHughes, Gale M. | |
| 942 |
_2ddc _cBK |
||